The Visionary Gentleman Don Quixote de la Mancha (Record no. 3156)

MARC details
000 -CABECERA
campo de control de longitud fija 01654nam a2200325 a 4500
001 - NÚMERO DE CONTROL
campo de control BRCA_3420
005 - FECHA Y HORA DE LA ÚLTIMA TRANSACCIÓN
campo de control 20190320204256.0
041 ## - CÓDIGO DE LENGUA
Código de lengua del texto/banda sonora o título independiente eng
044 ## - CÓDIGO DEL PAÍS DE LA ENTIDAD EDITORA/PRODUCTORA
Código MARC del país nyu
084 ## - OTRO NÚMERO DE CLASIFICACIÓN
Número de clasificación 709
Número de documento/Ítem .H57
-- 1932
100 1# - ENTRADA PRINCIPAL--NOMBRE DE PERSONA
Nombre de persona Cervantes Saavedra, Miguel de
Fechas asociadas al nombre 1547-1616
9 (RLIN) 213
245 10 - MENCIÓN DE TÍTULO
Título The Visionary Gentleman Don Quixote de la Mancha
Mención de responsabilidad, etc. By Miguel de Cervantes Saavedra ; Translated into English by Robinson Smith.
250 ## - MENCIÓN DE EDICIÓN
Mención de edición 3
260 ## - PUBLICACIÓN, DISTRIBUCIÓN, ETC.
Lugar de publicación, distribución, etc. Nueva York
Nombre del editor, distribuidor, etc. The Hispanic Society of America
Fecha de publicación, distribución, etc. 1932
300 ## - DESCRIPCIÓN FÍSICA
Extensión 2 v.
Dimensiones 24 cm.
500 ## - NOTA GENERAL
Nota general Contenido : v.1. Primera parte. Prefacio y vida de Cervantes por Robinson Smith. Prólogo del autor. -- v.2. Segunda parte. Prólogo del autor. Fuentes y apéndices
500 ## - NOTA GENERAL
Nota general Edición : With a Life of Cervantes, Notes and Appendices
500 ## - NOTA GENERAL
Nota general Traducción de Robinson Smith, basada en las principales versiones inglesas anteriores, con una biografía de Cervantes y notas del mismo traductor, tomadas de J. Bowle, Clemencín, Pellicer, Lockhart, Bastús, Viardot, Ormsby y Watts. Semipiel; lomos decorados con filetes dorados Lúdovik Osterc
500 ## - NOTA GENERAL
Nota general Incluye índice : De aventuras, incidentes, cartas, personas, historias intercaladas y tópicos discutidos
500 ## - NOTA GENERAL
Nota general QMB130
546 ## - NOTA DE LENGUA/LENGUAJE
Nota de lengua/lenguaje Texto en : inglés
650 14 - PUNTO DE ACCESO ADICIONAL DE MATERIA--TÉRMINO DE MATERIA
Término de materia o nombre geográfico como elemento de entrada Novela española
Subdivisión cronológica Época clásica, 1500-1700
9 (RLIN) 215
650 14 - PUNTO DE ACCESO ADICIONAL DE MATERIA--TÉRMINO DE MATERIA
Término de materia o nombre geográfico como elemento de entrada Literatura española
Subdivisión cronológica Época clásica, 1500-1700
9 (RLIN) 216
650 14 - PUNTO DE ACCESO ADICIONAL DE MATERIA--TÉRMINO DE MATERIA
Término de materia o nombre geográfico como elemento de entrada Novela española
Subdivisión cronológica Siglo XVII
9 (RLIN) 217
650 14 - PUNTO DE ACCESO ADICIONAL DE MATERIA--TÉRMINO DE MATERIA
Término de materia o nombre geográfico como elemento de entrada Don Quijote (Personaje ficticio)
Término indicativo de función/relación Novela
9 (RLIN) 218
700 1# - PUNTO DE ACCESO ADICIONAL--NOMBRE DE PERSONA
Nombre de persona Smith, Robinson
Fechas asociadas al nombre 1876-?
Término indicativo de función/relación Traductor
9 (RLIN) 8973
740 0# - PUNTO DE ACCESO ADICIONAL--TÍTULO RELACIONADO O ANALÍTICO NO CONTROLADO
Título relacionado o analítico no controlado El Ingenioso Hidalgo Don Quijote de la Mancha
902 ## - CATALOGADOR
Iniciales QFM
942 ## - ELEMENTOS DE PUNTO DE ACCESO ADICIONAL (KOHA)
Fuente del sistema de clasificación o colocación Library of Congress Classification
Tipo de ítem Koha Libros
Holdings
Estado de retiro Estado de pérdida Estado dañado No para préstamo Localización permanente Ubicación/localización actual Fecha de adquisición Número de inventario Total de préstamos Signatura topográfica completa Código de barras Fecha visto por última vez Precio válido a partir de Tipo de ítem Koha
El ejemplar forma parte de la colección y puede ser consultado según las políticas vigentes.       Biblioteca del Museo Franz Mayer (Rogerio Casas-Alatriste) Biblioteca del Museo Franz Mayer (Rogerio Casas-Alatriste) 13/04/2009 QMB130   709 .H57 1932 (QMB130) 3417 22/03/2019 22/03/2019 Libros